[Event "BCF-ch U13"]
[Site "Bournemouth"]
[Date "2016.08.04"]
[Round "6"]
[White "Rahulan, Thivyaa"]
[Black "Wall, John"]
[Result "0-1"]
[WhiteElo "1378"]
[BlackElo "1600"]
[PlyCount "60"]
[EventDate "2016.07.31"]
[EventType "swiss"]
[EventRounds "7"]
[EventCountry "ENG"]
[SourceTitle "CBM 173 Extra"]
[Source "ChessBase"]
[SourceDate "2016.08.29"]
[SourceVersion "1"]
[SourceVersionDate "2016.08.29"]
[SourceQuality "1"]

1. d4 e6 2. Nf3 d5 3. e3 Nf6 4. Bd3 Be7 5. 0-0 0-0 6. b3 b6 7. Bb2 Bb7 8. Nbd2 Nbd7 9. Ne5 Nxe5 10. dxe5 Ne4 11. f4 f5 12. Rc1 Bc5 13. Qe2 g5 14. Kh1 Kh8 15. Rcd1 Qe7 16. Nf3 g4 17. Nd4 Rae8 18. Kg1 Qh4 19. Qe1 g3 20. hxg3 Nxg3 21. Rf3 Bxd4 22. Bxd4 Rg8 23. Bf1 c5 24. Bb2 d4 25. Rxg3 Rxg3 26. exd4 Reg8 27. dxc5 Qh3 28. Kf2 Rxg2+ 29. Bxg2 Rxg2+ 30. Kf1 Qh2 0-1

[Event "BCF-ch U14"]
[Site "Bournemouth"]
[Date "2016.07.28"]
[Round "5"]
[White "Ifalore, Michael"]
[Black "Wall, John"]
[Result "0-1"]
[WhiteElo "1641"]
[BlackElo "1600"]
[PlyCount "114"]
[EventDate "2016.07.24"]
[EventType "swiss"]
[EventRounds "7"]
[EventCountry "ENG"]
[SourceTitle "EXT 2017"]
[Source "ChessBase"]
[SourceDate "2016.10.25"]
[SourceVersion "1"]
[SourceVersionDate "2016.10.25"]
[SourceQuality "1"]

1. Nf3 e6 2. d4 Nf6 3. c4 d5 4. g3 Ne4 5. a3 f5 6. Bg2 c6 7. e3 Bd6 8. Nbd2 Nd7 9. 0-0 0-0 10. Nxe4 fxe4 11. Ne1 Nf6 12. c5 Bc7 13. f3 exf3 14. Nxf3 Qe7 15. Nd2 e5 16. e4 exd4 17. exd5 Nxd5 18. Rxf8+ Qxf8 19. Bxd5+ cxd5 20. b4 Bh3 21. Nb3 Be5 22. Bb2 Qf7 23. Bxd4 Bxd4+ 24. Nxd4 Rf8 25. Qe2 Qf6 26. Rd1 h5 27. Qe1 Bg4 28. Rd2 Bh3 29. Rd1 Qg6 30. Ne2 Rf1+ 31. Qxf1 Bxf1 32. Rxf1 Qd3 33. Nf4 Qe3+ 34. Kg2 Qe4+ 35. Kf2 d4 36. Re1 Qf5 37. Kg1 Kf7 38. Ne6 Qxe6 39. Rxe6 Kxe6 40. Kf2 Ke5 41. Ke2 Ke4 42. Kd2 a6 43. Ke2 d3+ 44. Kd2 Kd4 45. a4 Kc4 46. b5 axb5 47. axb5 Kxc5 48. Kxd3 Kxb5 49. Kd2 Kb4 50. Kc2 Ka3 51. Kb1 Kb3 52. Kc1 Ka2 53. Kc2 b5 54. Kc3 Ka3 55. Kc2 b4 56. Kb1 Kb3 57. Ka1 Kc2 0-1